[Event "1/128 Finale"]
[Site "www.chess-mail.com"]
[Date "2019.07.12"]
[Round "1"]
[White "Picifarkinca"]
[Black "Bojan"]
[WhiteElo "1830"]
[BlackElo "2150"]
[Result "0-1"]
[Round "1"]
1.b3 c6
2.Bc1b2 Ng8f6
3.g3 d5
4.Bf1g2 Bc8f5
5.d3 Qd8b6
6.Nb1d2 Nf6g4
7.e3 Ng4f6
8.Ng1e2 h6
9.O-O Nf6h7
10.Nd2f3 f6
11.Nf3h4 Bf5g4
12.Nh4g6 Rh8g8
13.Qd1d2 Nh7g5
14.f3 Bg4d7
15.h4 Ng5e6
16.Kh1 Kf7
17.h5 Ne6g5
18.f4 Bd7g4
19.fxg5 Bg4xh5
20.Ng6f4 Bh5xe2
21.g6 Ke8
22.Qd2xe2 Nb8a6
23.Nf4e6 Na6c7
24.Bg2h3 c5
25.Ne6xc7 Qb6xc7
26.Qe2g4 Qc7c6
27.Qg4e6 Qc6xe6
28.Bh3xe6 Rg8h8
29.Be6f7 Kd7
30.Bf7xd5 Ra8b8
31.Bd5g2 e6
32.Ra1d1 Bf8d6
33.g4 Bd6g3
34.Rf1f3 Bg3h4
35.d4 cxd4
36.Bb2xd4 Kc7
37.e4 e5
 { time }
0-1

[Event "Fast Game"]
[Site "www.echecsemail.com"]
[Date "2019.07.12"]
[Round "1"]
[White "Comrade"]
[Black "Tonino1"]
[WhiteElo "1599"]
[BlackElo "1780"]
[Result "0-1"]
[Round "1"]
1.d4 d6
2.c4 Ng8f6
3.Nb1c3 g6
4.Ng1f3 c6
5.e4 Qd8a5
6.Bc1d2 Qa5c7
7.Bf1e2 Bf8g7
8.O-O e5
9.Bd2e3 Nf6g4
10.h3 Ng4xe3
11.fxe3 O-O
12.Qd1c2 f5
13.exf5 gxf5
14.Ra1d1 e4
15.Nf3h4 Qc7e7
16.g3 a5
17.Nh4g2 Nb8a6
18.Ng2f4 Na6c7
19.Be2h5 Qe7g5
20.Qc2g2 Kh8
21.Rd1d2 Bc8e6
22.b3 Be6g8
23.Qg2h2 c5
24.Nc3d5 Nc7xd5
25.cxd5 cxd4
26.exd4 Ra8c8
27.h4 Qg5f6
28.g4 Qf6e7
29.gxf5 e3
30.Rd2d3 Qe7e4
31.Bh5f3 Qe4xf5
32.Bf3e2 Bg7h6
33.Nf4g2 Qf5xd5
34.Rd3d1 Rf8xf1
35.Rd1xf1 Qd5xd4
36.Rf1d1 Qd4f6
37.Qh2g3 Bg8e6
38.Ng2xe3 Rc8g8
39.Ne3g4 Qf6f4
40.Qg3xf4 Bh6xf4
41.Kf2 Be6xg4
42.Be2xg4 Rg8xg4
43.Kf3 Rg4xh4
44.Rd1d5 b6
45.Rd5b5 Bf4e5
46.Rb5xb6 Rh4h2
47.a4 Rh2c2
48.Rb6b5 Rc2c5
49.Rb5b7 h5
50.b4 axb4
51.Rb7xb4 Kg7
52.Ke4 h4
53.Kf3 Rc5c3
54.Kg4 h3
55.Rb4b7 Kf6
{ resign }
0-1

[Event "Match"]
[Site "www.echecsemail.com"]
[Date "2019.07.13"]
[Round "1"]
[White "Paskual"]
[Black "Monxu"]
[WhiteElo "1809"]
[BlackElo "1499"]
[Result "1-0"]
[Round "1"]
1.e4 e5
2.Ng1f3 Nb8c6
3.Bf1c4 Bf8c5
4.c3 Ng8f6
5.d4 exd4
6.cxd4 Bc5b4
7.Bc1d2 Bb4xd2
8.Nb1xd2 d5
9.exd5 Nf6xd5
10.Qd1b3 Nc6a5
11.Qb3a4 Na5c6
12.Nf3e5 O-O
13.Ne5xc6 Qd8e8
14.Bc4e2  { time }
1-0

[Event "Match"]
[Site "www.echecsemail.com"]
[Date "2019.07.13"]
[Round "1"]
[White "Calponas"]
[Black "Apdash"]
[WhiteElo "2060"]
[BlackElo "2060"]
[Result "0-1"]
[Round "1"]
1.e4 c5
2.Ng1f3 d6
3.Nb1c3 Nb8c6
4.d3 a6
5.a4 Bc8g4
6.Bf1e2 Ng8f6
7.O-O Bg4xf3
8.Be2xf3 Nc6d4
9.e5 Nd4xf3
10.Qd1xf3 dxe5
11.Qf3xb7 e6
12.Qb7c6 Nf6d7
13.Nc3e4 Bf8e7
14.Ne4d6 Be7xd6
15.Qc6xd6 Qd8e7
16.Qd6xe7 Kxe7
17.b3 h6
18.Bc1b2 f6
19.Ra1e1 g5
20.g3 Kd6
21.Kg2 h5
22.f4 gxf4
23.gxf4 exf4
24.Rf1xf4 Rh8g8
25.Kf2 Ra8f8
26.Re1g1 e5
27.Rf4f5 Rg8xg1
28.Kxg1 Rf8g8
29.Kf2 Rg8g5
30.Rf5f3 Ke6
31.Bb2c1 Rg5f5
32.Kg3 Rf5xf3
33.Kxf3 f5
34.Bc1g5 Kd5
35.Bg5e3 Nd7f6
36.h3 Kc6
37.Be3g5 Nf6d5
38.Bg5d2 Nd5e7
39.Bd2g5 Ne7g6
40.Ke3 Kd5
41.c3 e4
42.dxe4 fxe4
43.b4 cxb4
44.cxb4 Ng6e5
45.b5 axb5
46.axb5 Ne5c4
47.Ke2 Kc5
48.b6 Kxb6
49.Bg5c1 Kc5
50.h4 Kd4
51.Bc1g5 Ke5
52.Bg5c1 Kf5
53.Bc1g5 Kg4
54.Bg5f6 Kg3
55.Bf6g5 Kg4
56.Bg5f6 Kf5
57.Bf6g5 Nc4e5
58.Ke3 Ne5f3
59.Bg5d8 Nf3e5
60.Bd8g5 Ne5g4
61.Ke2 Ke5
62.Bg5d8 e3
63.Bd8g5 Ke4
64.Bg5e7 Ng4h2
65.Be7g5 Nh2g4
66.Bg5d8 Ng4h6
67.Bd8g5 Nh6f5
68.Bg5d8 Nf5g3
69.Ke1 Kf3
70.Bd8g5 e2
71.Bg5d8 Ng3f1
72.Bd8g5 Nf1g3
73.Bg5d8 Ng3e4
74.Bd8b6 Ne4d6
75.Bb6d8 Nd6b7
76.Bd8e7 Nb7a5
77.Be7b4 Na5c6
78.Bb4c3 Nc6e7
79.Bc3f6 Ne7f5
80.Bf6g5 Nf5d4
81.Kd2 Kf2
82.Bg5e3 Kf1
{ resign }
0-1

[Event "Tourn. n10161"]
[Site "www.echecsemail.com"]
[Date "2019.07.13"]
[Round "1"]
[White "Galiany17"]
[Black "Bgm9"]
[WhiteElo "1799"]
[BlackElo "1910"]
[Result "1-0"]
[Round "1"]
1.d4 Ng8f6
2.c4 c5
3.d5 d6
4.Nb1c3 g6
5.e4 Bf8g7
6.h3 Nb8d7
7.Ng1f3 O-O
8.Bf1d3 a6
9.O-O Qd8c7
10.Bc1g5 h6
11.Bg5d2 e5
12.dxe6 fxe6
13.e5 Nd7xe5
14.Nf3xe5 dxe5
15.Bd3xg6 Bc8d7
16.Qd1c1 h5
17.Rf1e1 Bd7c6
18.Bd2g5 Nf6h7
19.Nc3e4 Bc6xe4
20.Re1xe4 Nh7f6
21.Re4e1 Ra8d8
22.Bg5h4 Rd8d4
23.Qc1g5 Rf8d8
24.Ra1c1 e4
25.Bh4g3 Qc7e7
26.Bg6xe4 { resign }
1-0

[Event "Tourn. n10130"]
[Site "www.echecsemail.com"]
[Date "2019.07.13"]
[Round "1"]
[White "Picifarkinca"]
[Black "Hansen"]
[WhiteElo "1760"]
[BlackElo "1730"]
[Result "0-1"]
[Round "1"]
1.b3 c6
2.Bc1b2 e6
3.g3 Bf8c5
4.Bf1g2 f6
5.d4 Bc5b6
6.c4 d5
7.e4 dxc4
8.bxc4 Bb6xd4
9.Qd1xd4 Qd8xd4
10.Bb2xd4 e5
11.Bd4c3 Nb8a6
12.Nb1d2 Bc8e6
13.Ra1b1 Na6c5
14.Ng1e2 Nc5d3
15.Kf1 Ng8h6
16.Ne2c1 Nd3c5
17.f3 Ra8d8
18.Ke2 b5
19.cxb5 cxb5
20.Rb1xb5 Nc5a4
21.Bc3a1 Nh6f7
22.Rb5a5 Na4b6
23.Ra5xa7 h5
24.h4 Nb6c8
25.Ra7c7 Nc8d6
26.Rh1d1 Nd6b5
27.Rc7c5 Nb5a3
28.Nc1b3 f5
29.Ba1xe5 Rh8h7
30.Be5b2 Rd8a8
31.exf5 Be6d7
32.f4 Nf7d6
33.Bg2xa8 Na3b5
34.Ba8f3 Bd7xf5
35.Bf3c6 Kd8
36.Bc6xb5 g5
37.Bb2f6 Rh7e7
38.Bf6xe7 Kxe7
39.Rc5xf5 gxf4
 { time }
0-1

[Event "Tourn. n10153"]
[Site "www.echecsemail.com"]
[Date "2019.07.13"]
[Round "1"]
[White "Picifarkinca"]
[Black "Fabos12"]
[WhiteElo "1880"]
[BlackElo "1910"]
[Result "0-1"]
[Round "1"]
1.d4 e6
2.e4 Nb8c6
3.Ng1f3 b6
4.c4 Bc8b7
5.Nb1c3 Ra8c8
6.d5 exd5
7.cxd5 Nc6b4
8.Bf1e2 Ng8f6
9.O-O Bf8e7
{ time. }
0-1

[Event "Tourn. n10177"]
[Site "www.echecsemail.com"]
[Date "2019.07.13"]
[Round "1"]
[White "Galiany17"]
[Black "Bojan"]
[WhiteElo "2089"]
[BlackElo "1960"]
[Result "1-0"]
[Round "1"]
1.e4 e5
2.f4 exf4
3.Ng1f3 f6
4.d4 g5
5.Nf3xg5 h5
6.Ng5h3 d5
7.Nh3xf4 dxe4
8.Bf1e2 Bc8g4
9.Be2xg4 hxg4
10.Qd1xg4 Qd8xd4
11.Qg4c8 Kf7
12.Qc8e6 Kg7
13.Qe6e8 Bf8b4
14.c3 Qd4c4
15.Nf4e6 { resign }
1-0

[Event "Tourn. n10152"]
[Site "www.echecsemail.com"]
[Date "2019.07.13"]
[Round "1"]
[White "Picifarkinca"]
[Black "Cal"]
[WhiteElo "1830"]
[BlackElo "1670"]
[Result "1-0"]
[Round "1"]
1.d4 d5
2.c4 e6
3.cxd5 exd5
4.Ng1f3 h6
5.Nb1c3 Ng8f6
6.Bc1f4 Nb8c6
7.a3 a6
8.Ra1c1 Bf8e7
9.h3 O-O
10.e3 b5
{ time. }
1-0

[Event "Tourn. n10152"]
[Site "www.echecsemail.com"]
[Date "2019.07.13"]
[Round "1"]
[White "Libiesse"]
[Black "Picifarkinca"]
[WhiteElo "1860"]
[BlackElo "1900"]
[Result "1-0"]
[Round "1"]
1.d4 d5
2.c4 e6
3.Ng1f3 Ng8f6
4.Bc1g5 Bf8e7
5.Nb1c3 c6
6.e3 O-O
7.Bf1d3 h6
8.Bg5h4 dxc4
9.Bd3xc4 b5
10.Bc4b3  { time }
1-0

[Event "Tourn. n10172"]
[Site "www.echecsemail.com"]
[Date "2019.07.13"]
[Round "1"]
[White "Bojan"]
[Black "Fantomas"]
[WhiteElo "1960"]
[BlackElo "2190"]
[Result "1/2-1/2"]
[Round "1"]
1.e4 e5
2.Ng1f3 Ng8f6
3.Nf3xe5 Qd8e7
4.Ne5f3 Nf6xe4
5.Qd1e2 d5
6.h3 c6
7.c3 h6
8.d3 Ne4c5
9.b3 Nc5xd3
10.Kd1 Qe7xe2
11.Kxe2 Nd3xc1
12.Kd2 Nc1xb3
13.axb3 Bf8d6
14.Bf1d3 O-O
15.Nb1a3 Nb8d7
16.Rh1e1 Bd6f4
17.Kc2 Nd7c5
18.Bd3f1 Bc8f5
{ draw }
1/2-1/2

[Event "1/128 Finale"]
[Site "www.chess-mail.com"]
[Date "2019.07.13"]
[Round "1"]
[White "Odin"]
[Black "Picifarkinca"]
[WhiteElo "1850"]
[BlackElo "1830"]
[Result "1-0"]
[Round "1"]
1.e4 c5
2.Bf1c4 e6
3.Ng1f3 Nb8c6
4.d3 a6
5.Bc1g5 Qd8c7
6.Nb1d2 b5
7.Bc4b3 Bc8b7
8.O-O Nc6a5
9.c3 Na5xb3
10.Nd2xb3 f6
11.Bg5h4 g5
12.Bh4g3 d6
13.d4 Bb7xe4
14.dxc5 e5
15.cxd6 { time. }
1-0

[Event "Fast Game"]
[Site "www.echecsemail.com"]
[Date "2019.07.13"]
[Round "1"]
[White "Hennie4820"]
[Black "Ranjachess"]
[WhiteElo "1580"]
[BlackElo "1660"]
[Result "1-0"]
[Round "1"]
1.e4 e5
2.Ng1f3 Ng8f6
3.Nf3xe5 Nf6xe4
4.c3 Qd8e7
5.d4 d6
6.Qd1e2 Nb8d7
7.Qe2xe4 dxe5
8.dxe5 Nd7xe5
9.Bf1e2 g6
10.O-O Bf8g7
11.Rf1e1 O-O
12.Bc1e3 c6
13.Nb1a3 Bc8f5
14.Qe4f4 Ne5d7
15.Be2c4 Qe7f6
16.Be3d4 g5
17.Bd4xf6 gxf4
18.Bf6xg7 Kxg7
19.Re1e7 Kg6
20.Ra1e1 f6
21.f3 b5
22.Bc4b3 Nd7e5
23.Re7c7 Ra8e8
24.Kf1 a5
25.Bb3c2 b4
26.cxb4 axb4
27.Bc2xf5 Kxf5
28.Na3c2 Re8d8
29.Nc2xb4 Rd8d2
30.Re1e2 Rd2xe2
31.Kxe2 Rf8b8
32.a3 Ne5c4
33.Rc7xc6 Nc4xb2
34.Nb4d5 Rb8e8
35.Kf1 Re8e6
36.Rc6xe6 Kxe6
37.Nd5xf4 Ke5
38.g3 Nb2c4
39.a4 Nc4e3
40.Ke2 Ne3d5
41.Nf4xd5 Kxd5
42.Kd3 Kc5
43.Ke4 Kb4
44.Kf5 Kxa4
45.Kxf6 Kb4
46.Kg7 Kc5
47.f4 Kd6
48.f5 Ke5
49.f6 Kf5
50.f7 h5
51.f8Q Kg4
52.Qf8f1 Kg5
53.Qf1f4 
1-0

[Event "Match"]
[Site "www.echecsemail.com"]
[Date "2019.07.14"]
[Round "1"]
[White "Telexmweene"]
[Black "Micheles"]
[WhiteElo "2219"]
[BlackElo "2540"]
[Result "0-1"]
[Round "1"]
1.d4 Ng8f6
2.c4 g6
3.Nb1c3 d5
4.cxd5 Nf6xd5
5.e4 Nd5xc3
6.bxc3 Bf8g7
7.e5 O-O
8.Ng1f3 c5
9.Bf1e2 a6
10.O-O Nb8d7
11.Bc1e3 cxd4
12.cxd4 Nd7b6
13.Qd1d2 Nb6d5
14.Be3h6 Bc8f5
15.Qd2g5 Nd5c3
16.Rf1e1 Ra8c8
17.Bh6xg7 Kxg7
18.Qg5d2 Nc3xe2
19.Re1xe2 Qd8d5
20.Re2e1 Bf5e4
21.Nf3h4 Rc8c4
22.Re1d1 Rf8d8
23.f3 Be4c2
24.Rd1c1 Rd8c8
25.h3 b5
26.Qd2f2 Rc4xd4
27.Qf2g3 Rc8c4
28.f4 Rd4xf4
29.Nh4f3 Rf4f5
30.Qg3f2 Bc2e4
31.Qf2b2 Be4xf3
{ resign }
0-1

[Event "Tourn. n10168"]
[Site "www.echecsemail.com"]
[Date "2019.07.14"]
[Round "1"]
[White "Ff333"]
[Black "Fantomas"]
[WhiteElo "2030"]
[BlackElo "2200"]
[Result "1-0"]
[Round "1"]
1.e4 e5
2.Ng1f3 Ng8f6
3.Nb1c3 d6
4.Bf1c4 Bf8e7
5.O-O O-O
6.h3 c6
7.a3 Nb8d7
8.Nf3g5 Nd7b6
9.Bc4b3 h6
10.Ng5xf7 Rf8xf7
11.Bb3xf7 Kxf7
12.f4 Nb6d7
13.fxe5 dxe5
14.Qd1h5 Kg8
15.Qh5g6 Nd7f8
16.Qg6g3 Qd8d4
17.Kh1 Nf6xe4
18.Nc3xe4 Qd4xe4
19.d3 Qe4g6
20.Rf1xf8 { resign }
1-0

[Event "Tourn. n10130"]
[Site "www.echecsemail.com"]
[Date "2019.07.14"]
[Round "1"]
[White "Picifarkinca"]
[Black "Passaroa25"]
[WhiteElo "1760"]
[BlackElo "1720"]
[Result "0-1"]
[Round "1"]
1.b3 Nb8c6
2.Bc1b2 Ng8f6
3.g3 d5
4.Bf1g2 e6
5.d4 Bf8e7
6.Ng1f3 h6
7.O-O b6
8.Nb1d2 Bc8d7
9.a3 O-O
10.c4 Qd8b8
11.Qd1c2 Nf6h7
12.e4 Nh7g5
13.cxd5 Ng5xf3
14.Bg2xf3 Nc6d8
15.Ra1c1 c6
16.dxc6 Nd8xc6
17.d5 Nc6e5
18.Bf3g2 Be7f6
19.f4 Ne5g4
20.Bb2xf6 gxf6
21.Qc2d3 h5
22.dxe6 Bd7xe6
23.h3 Ng4h6
24.f5 Be6c8
25.Rf1f4 a5
26.Rf4h4 Bc8a6
 { time }
0-1

[Event "Tourn. n10153"]
[Site "www.echecsemail.com"]
[Date "2019.07.14"]
[Round "1"]
[White "Kevinking"]
[Black "Picifarkinca"]
[WhiteElo "1870"]
[BlackElo "1880"]
[Result "1-0"]
[Round "1"]
1.d4 e6
2.e4 d5
3.Nb1c3 c5
4.exd5 exd5
5.Ng1f3 Nb8c6
6.h3 Ng8f6
7.Bf1b5 Qd8d6
8.O-O Bf8e7
9.Bb5xc6 bxc6
10.Rf1e1 O-O
11.dxc5 Qd6xc5
12.Bc1e3  { time }
1-0

[Event "Tourn. n10146"]
[Site "www.echecsemail.com"]
[Date "2019.07.14"]
[Round "1"]
[White "Scasan55"]
[Black "Picifarkinca"]
[WhiteElo "1970"]
[BlackElo "1830"]
[Result "1-0"]
[Round "1"]
1.e4 e6
2.d4 c5
3.dxc5 Bf8xc5
4.Ng1f3 Qd8b6
5.Qd1d2 Nb8c6
6.Nb1c3 Qb6d8
7.Bf1e2 a6
8.O-O b5
9.a3 Bc8b7
10.b4 Bc5b6
11.Qd2d6 Qd8c7
12.Bc1f4 Qc7xd6
13.Bf4xd6 Nc6d4
14.Be2d3 Nd4xf3
15.gxf3 Ra8c8
16.Nc3e2 Ng8e7
17.Bd6xe7 Kxe7
18.a4 d5
19.exd5 Bb7xd5
20.axb5  { time }
1-0

[Event "Match"]
[Site "www.echecsemail.com"]
[Date "2019.07.14"]
[Round "1"]
[White "Picifarkinca"]
[Black "Fereike"]
[WhiteElo "1900"]
[BlackElo "1399"]
[Result "0-1"]
[Round "1"]
1.e4 c5
2.c3 g6
3.b4 cxb4
4.d4 bxc3
5.Nb1xc3 Qd8a5
6.Bc1b2 Bf8g7
7.Ng1f3 Ng8f6
 { time }
0-1

[Event "Tourn. n10151"]
[Site "www.echecsemail.com"]
[Date "2019.07.14"]
[Round "1"]
[White "Fabos12"]
[Black "Tonino1"]
[WhiteElo "1850"]
[BlackElo "2040"]
[Result "0-1"]
[Round "1"]
1.d4 d6
2.Ng1f3 Ng8f6
3.c4 c6
4.Nb1c3 Qd8a5
5.Bc1d2 Qa5c7
6.e4 e5
7.d5 g6
8.Ra1c1 Bf8g7
9.Bf1e2 O-O
10.O-O Nf6e8
11.b4 f5
12.exf5 gxf5
13.c5 e4
14.cxd6 Ne8xd6
15.dxc6 exf3
16.Be2xf3 bxc6
17.b5 Bc8b7
18.Nc3d5 Qc7d7
19.Bd2b4 { time. }
0-1

[Event "Tourn. n10111"]
[Site "www.echecsemail.com"]
[Date "2019.07.14"]
[Round "1"]
[White "Tarasch"]
[Black "Tartan"]
[WhiteElo "2320"]
[BlackElo "2460"]
[Result "0-1"]
[Round "1"]
1.d4 Ng8f6
2.c4 e6
3.Nb1c3 Bf8b4
4.e3 b6
5.Ng1f3 Bc8b7
6.Bf1e2 Nf6e4
7.Qd1c2 O-O
8.O-O f5
9.Nf3d2 Ne4xc3
10.bxc3 Bb4d6
11.Be2f3 Bb7xf3
12.Nd2xf3 Nb8c6
13.e4 fxe4
14.Qc2xe4 Qd8f6
15.Bc1g5 Qf6f5
16.Qe4xf5 Rf8xf5
17.Bg5e3 Ra8f8
18.Rf1b1 Nc6a5
19.Nf3d2 Bd6a3
20.Rb1b5 c6
21.Rb5xf5 exf5
22.Nd2b3 Na5xc4
23.Be3c1 Ba3xc1
24.Ra1xc1 Rf8e8
25.Kf1 d5
26.Rc1e1 Re8xe1
27.Kxe1 Kf7
28.Ke2 Ke6
29.Nb3d2 Nc4xd2
30.Kxd2 f4
31.f3 g5
32.g4 fxg3
33.hxg3 h5
34.Ke3 Kf5
{ resign }
0-1

[Event "Tourn. n10132"]
[Site "www.echecsemail.com"]
[Date "2019.07.14"]
[Round "1"]
[White "Conde7"]
[Black "Seger"]
[WhiteElo "2800"]
[BlackElo "2800"]
[Result "1/2-1/2"]
[Round "1"]
1.a3 e5
2.e3 d5
3.d4 Nb8c6
4.Bf1b5 e4
5.c4 a6
6.Bb5xc6 bxc6
7.Ng1e2 a5
8.Qd1c2 Ng8f6
9.b3 Bf8d6
10.a4 O-O
11.Bc1a3 Bc8a6
12.h3 h5
13.O-O Qd8d7
14.Ba3xd6 cxd6
15.Nb1a3 h4
16.Ra1b1 g6
17.Ne2c3 Ra8b8
18.f3 Rf8e8
19.fxe4 Nf6xe4
20.Nc3xe4 Re8xe4
21.Rf1f3 Re4e7
22.Qc2c3 Qd7d8
23.Rb1b2 Ba6c8
24.cxd5 cxd5
25.Na3b5 Bc8a6
26.Qc3e1 Re7e6
27.Nb5c3 Qd8g5
28.Nc3d1 Rb8b4
29.Qe1c3 Re6f6
30.Rf3xf6 Qg5xf6
31.Qc3c6 Qf6f1
32.Kh2 Qf1xd1
33.Rb2f2 Rb4b8
34.Qc6xa6 Qd1xb3
35.Qa6xd6 Rb8e8
36.Qd6d7 Re8f8
37.Rf2f3 Qb3b8
38.Kh1 Qb8b1
39.Kh2 Qb1b8
40.Kg1 Qb8b1
41.Rf3f1 Qb1e4
42.Rf1f3 Qe4b1
43.Rf3f1 Qb1e4
44.Kh2 Qe4xe3
45.Qd7xd5 Qe3g3
46.Kg1 Qg3c7
47.Qd5c5 { draw }
1/2-1/2

[Event "Tourn. n10128"]
[Site "www.echecsemail.com"]
[Date "2019.07.14"]
[Round "1"]
[White "Rons"]
[Black "Conde7"]
[WhiteElo "2640"]
[BlackElo "2800"]
[Result "1/2-1/2"]
[Round "1"]
1.e4 e5
2.Ng1f3 Nb8c6
3.Bf1b5 a6
4.Bb5a4 Ng8f6
5.O-O Nf6xe4
6.d4 b5
7.Ba4b3 d5
8.dxe5 Bc8e6
9.Nb1d2 Ne4c5
10.c3 Bf8e7
11.Bb3c2 d4
12.Nd2b3 d3
13.Bc2b1 Nc5xb3
14.axb3 Be6f5
15.Rf1e1 O-O
16.Bc1e3 Qd8d5
17.Be3d4 Rf8d8
18.h4 d2
19.Qd1xd2 Bf5xb1
20.Ra1xb1 Qd5xb3
21.e6 fxe6
22.Qd2f4 e5
23.Bd4xe5 Rd8f8
24.Qf4e4 Nc6xe5
25.Qe4xe5 Be7d6
26.Qe5e4 h6
27.Re1e2 Ra8e8
28.Qe4xe8 Rf8xe8
29.Re2xe8 Kh7
30.Re8e2 a5
31.Rb1e1 Qb3d5
32.Nf3d2 a4
33.Nd2e4 Bd6e7
34.g3 c5
35.f3 b4
36.Kg2 h5
37.Re2d2 Qd5b7
38.Re1a1 Qb7c6
39.Ra1c1 b3
40.Rc1d1 a3
41.bxa3 Qc6a6
42.Rd1e1 Kg6
43.Re1a1 Qa6a4
44.Kf1 Be7f6
45.Kf2 c4
46.Kg2 Bf6e5
47.Rd2e2 Be5f6
48.Ra1d1 Qa4xa3
49.Rd1d6 Qa3a7
50.Re2d2 Qa7b8
51.Rd2d1 Kf7
52.Rd6d7 Kg6
53.Rd7d6 Kf7
54.Rd6d7 Bf6e7
55.Rd1e1 Kf8
56.Ne4d2 Be7d8
57.Rd7d4 Qb8a8
58.Nd2xc4 Bd8f6
59.Rd4d3 Kg8
60.Nc4b2 Qa8a6
61.Re1e3 Kh7
62.Rd3d2 g5
63.hxg5 Bf6xg5
64.f4 Bg5f6
65.c4 Qa6b7
66.Kh2 Kg6
67.Rd2g2 Qb7b8
68.Re3d3 h4
69.Rg2e2 Kf7
70.Kh3 Qb8b6
71.gxh4 Qb6g1
72.Rd3d7 Kf8
73.Rd7d1 Qg1g7
74.h5 Qg7c7
75.Nb2d3 Qc7xc4
76.Re2e1 Bf6c3
77.Re1f1 Qc4e6
78.Kg3 Qe6e8
79.Nd3e5 Qe8xh5
80.Rf1h1 Qh5e2
81.Rd1d8 Ke7
82.Ne5c6 Kf6
83.Rd8d6 Kg7
{ draw }
1/2-1/2

[Event "Tourn. n10172"]
[Site "www.echecsemail.com"]
[Date "2019.07.14"]
[Round "1"]
[White "Bojan"]
[Black "Lakeknight"]
[WhiteElo "1960"]
[BlackElo "2150"]
[Result "0-1"]
[Round "1"]
1.e4 Nb8c6
2.Ng1f3 e5
3.d4 exd4
4.Nf3xd4 Bf8c5
5.Nd4xc6 Qd8f6
6.f3 dxc6
7.a3 Ng8e7
8.Nb1c3 O-O
9.Bf1d3 Ne7g6
10.Qd1e2 Bc5d4
11.Bc1d2 Ng6f4
12.Qe2f1 Rf8d8
13.Bd3c4 b5
14.Bc4a2 a5
15.g3 Nf4h3
16.O-O-O Nh3f2
17.f4 Bc8h3
18.Qf1e2 Bh3g4
19.Qe2f1 Bg4xd1
20.Bd2e1 Bd1g4
21.Be1xf2 Bd4xc3
22.e5 Qf6e7
23.bxc3 Qe7xa3
24.Kb1 Qa3xc3
25.Qf1c1 a4
26.h3 Bg4f3
27.Rh1e1 Bf3d5
28.Re1e3 Bd5xa2
29.Kxa2 Qc3c4
30.Kb1 b4
31.e6 fxe6
32.Re3xe6 Qc4xe6
33.Bf2c5 Qe6c4
{ resign }
0-1

[Event "Match"]
[Site "www.echecsemail.com"]
[Date "2019.07.14"]
[Round "1"]
[White "Paco"]
[Black "Ditto"]
[WhiteElo "2000"]
[BlackElo "1830"]
[Result "0-1"]
[Round "1"]
1.e4 e5
2.Ng1f3 Nb8c6
3.Bf1c4 Ng8f6
4.Nf3g5 d5
5.Ng5xf7 Kxf7
6.exd5 Bf8d6
7.Qd1f3 Rh8f8
8.Nb1c3 Nc6d4
9.Qf3d3 Kg8
10.Nc3e4 Nf6xe4
11.Qd3xe4 Bc8f5
12.Qe4xd4 exd4
13.d3 Bd6b4
14.Bc1d2 Bb4xd2
15.Kxd2 Qd8g5
16.Kd1 Qg5xg2
17.Rh1e1 Bf5g4
18.Kc1 Qg2xf2
19.d6 Kh8
20.Re1h1 cxd6
21.b3 Qf2e3
22.Kb2 Qe3d2
23.h3 Qd2c3
24.Ka3 Rf8f5
{ resign }
0-1

[Event "Tourn. n10140"]
[Site "www.echecsemail.com"]
[Date "2019.07.14"]
[Round "1"]
[White "Argento"]
[Black "Picifarkinca"]
[WhiteElo "1799"]
[BlackElo "1830"]
[Result "1-0"]
[Round "1"]
1.d4 e6
2.e4 c5
3.Ng1f3 cxd4
4.Nf3xd4 Ng8f6
5.Nb1c3 a6
6.e5 Nf6g8
7.Bc1f4 Qd8b6
8.Nd4b3 Nb8c6
9.Bf1d3 Bf8b4
10.O-O Bb4xc3
11.bxc3 Ng8e7
12.Qd1e2 Ne7g6
13.Bf4e3 Qb6c7
14.f4 b6
15.Ra1e1 Bc8b7
16.Qe2f2 b5
17.Be3c5 O-O-O
18.Bc5d6 { resign }
1-0

[Event "Tourn. n10121"]
[Site "www.echecsemail.com"]
[Date "2019.07.14"]
[Round "1"]
[White "Seger"]
[Black "Conde7"]
[WhiteElo "2820"]
[BlackElo "2790"]
[Result "1/2-1/2"]
[Round "1"]
1.d4 Ng8f6
2.c4 e6
3.g3 d5
4.Bf1g2 Bf8b4
5.Bc1d2 Bb4e7
6.Ng1f3 O-O
7.O-O c6
8.Bd2f4 dxc4
9.Nf3e5 Nf6d5
10.Ne5xc4 Nd5xf4
11.gxf4 Nb8d7
12.e3 Qd8c7
13.Nb1c3 b6
14.Ra1c1 Bc8b7
15.Qd1e2 Bb7a6
16.Rf1d1 Rf8d8
17.Nc3e4 Ra8b8
18.Qe2h5 c5
19.b4 g6
20.Qh5f3 Ba6b7
21.Qf3h3 Kg7
22.a4 Rb8c8
23.dxc5 Bb7xe4
24.Bg2xe4 bxc5
25.b5 Nd7b6
26.Nc4e5 Be7f6
27.a5 Nb6a4
28.Ne5g4 Bf6b2
29.Qh3h6 Kg8
30.Be4c6 Qc7e7
31.e4 Bb2xc1
32.Rd1xc1 f5
33.Ng4e5 Rd8d4
34.exf5 exf5
35.Ne5f3 Rd4d6
36.Rc1e1 Qe7f8
37.Qh6h3 c4
38.Nf3e5 c3
39.Qh3f3 Qf8e7
40.h4 h6
41.Re1c1 Rc8d8
42.b6 Na4c5
43.Qf3xc3 axb6
44.axb6 Nc5d3
45.Rc1a1 Nd3xe5
46.fxe5 Rd6d4
47.Qc3b3 Kf8
48.b7 Qe7xe5
49.Ra1b1 Rd8b8
50.Bc6f3 Kg7
51.Rb1c1 Rd4d2
52.Qb3b6 Rd2d7
53.Rc1c8 Rd7xb7
54.Bf3xb7 Rb8xc8
55.Bb7xc8 Qe5e1
{ draw }
1/2-1/2

[Event "Tourn. n10130"]
[Site "www.echecsemail.com"]
[Date "2019.07.15"]
[Round "1"]
[White "Cal"]
[Black "Picifarkinca"]
[WhiteElo "1640"]
[BlackElo "1760"]
[Result "0-1"]
[Round "1"]
1.Nb1c3 c5
2.e4 Nb8c6
3.d3 Ng8f6
4.a3 g6
5.Ng1f3 d6
6.Bf1e2 Bf8g7
7.h3 O-O
8.b3 Nf6xe4
9.Nc3xe4 Bg7xa1
10.Bc1h6 Ba1g7
11.Bh6g5 h6
12.O-O hxg5
13.Nf3xg5 Qd8a5
14.f4 f5
15.Ne4d2 Qa5xa3
16.Nd2c4 Qa3b4
17.Be2f3 Bg7d4
18.Kh2 Kg7
19.h4 Rf8h8
20.Bf3xc6 bxc6
21.g3 Bc8d7
22.Nc4d2 e5
23.fxe5 Bd4xe5
24.Nd2f3 Rh8xh4
25.Nf3xh4 Qb4xh4
26.Kg1 Qh4xg3
27.Kh1 Qg3h2

0-1

[Event "Tourn. n10164"]
[Site "www.echecsemail.com"]
[Date "2019.07.15"]
[Round "1"]
[White "Bojan"]
[Black "Bigrezi"]
[WhiteElo "2010"]
[BlackElo "2090"]
[Result "0-1"]
[Round "1"]
1.e4 e5
2.Ng1f3 Nb8c6
3.a3 a6
4.c3 d5
5.exd5 Qd8xd5
6.d3 Bc8f5
7.Bf1e2 O-O-O
8.Bc1e3 Bf5xd3
9.O-O f5
10.Be3g5 Bf8e7
11.Bg5xe7 Bd3xe2
12.Qd1xe2 Ng8xe7
13.c4 Qd5d6
14.Nb1c3 e4
15.Nf3g5 Qd6f6
16.Ng5h3 g5
17.f3 exf3
18.gxf3 Qf6h6
19.Qe2g2 Rh8g8
20.Kh1 g4
21.Nh3g1 gxf3
22.Qg2xf3 Rd8d2
23.Rf1f2 Nc6d4
24.Qf3f4 Qh6c6
25.Nc3d5 Ne7xd5
26.cxd5 Qc6xd5
27.Rf2f3 Nd4xf3
28.Ng1xf3 Rd2d1
{ resign }
0-1

[Event "Tourn. n10172"]
[Site "www.echecsemail.com"]
[Date "2019.07.15"]
[Round "1"]
[White "Fantomas"]
[Black "Lakeknight"]
[WhiteElo "2190"]
[BlackElo "2150"]
[Result "0-1"]
[Round "1"]
1.e4 Nb8c6
2.d4 e5
3.d5 Nc6e7
4.c4 Ne7g6
5.Ng1f3 Ng8f6
6.Qd1c2 Bf8c5
7.h3 O-O
8.Nb1c3 d6
9.a3 a5
10.Bc1d2 Bc8d7
11.Nc3e2 Nf6h5
12.Bd2g5 f6
13.Bg5d2 f5
14.Ne2c3 h6
15.exf5 Bd7xf5
16.Nc3e4 Ng6h4
17.Rh1h2 Nh4xf3
18.gxf3 Qd8h4
19.Ke2 Nh5f4
20.Kd1 Rf8f7
21.Bd2e3 b6
22.Qc2d2 Bf5xe4
23.fxe4 Qh4h5
24.Bf1e2 Nf4xe2
25.Qd2xe2 Rf7f3
26.Kd2 Ra8f8
27.Ra1g1 Qh5h4
28.Rg1g4 Qh4f6
29.Be3xc5 bxc5
30.Ke1 h5
31.Rg4g3 Rf3xg3
32.fxg3 Qf6g5
33.g4 Qg5c1
34.Qe2d1 Rf8f1
{ resign }
0-1

[Event "Tourn. n10151"]
[Site "www.echecsemail.com"]
[Date "2019.07.15"]
[Round "1"]
[White "Estonia"]
[Black "Tonino1"]
[WhiteElo "1970"]
[BlackElo "2040"]
[Result "1-0"]
[Round "1"]
1.e4 d6
2.d4 Ng8f6
3.Nb1c3 c6
4.Bf1e2 Qd8a5
5.f3 g6
6.Bc1d2 Qa5c7
7.Qd1c1 h6
8.Be2c4 Bf8g7
9.Ng1e2 e5
10.O-O b5
11.Bc4b3 exd4
12.Ne2xd4 Nf6xe4
13.Nc3xe4 Bg7xd4
14.Bd2e3 Bd4xe3
15.Qc1xe3 Bc8e6
16.Bb3xe6 fxe6
17.Ne4f6 Kf7
18.Nf6e4 Kg7
19.Qe3d4 e5
20.Qd4xd6 Qc7xd6
21.Ne4xd6 Nb8d7
22.c4 b4
23.b3 Rh8f8
24.Nd6e4 Ra8d8
25.Ra1d1 Nd7f6
26.Ne4c5 Rd8xd1
27.Rf1xd1 Rf8c8
28.Rd1d6 Kf7
29.Nc5e4 Nf6xe4
30.fxe4 Rc8c7
31.Kf2 Kg7
32.Rd6e6 Kf7
33.Re6xe5 Kf6
34.Re5e8 Rc7d7
35.Ke3 Kf7
36.Re8h8 h5
37.Rh8c8  { time }
1-0

[Event "Fast Game"]
[Site "www.echecsemail.com"]
[Date "2019.07.15"]
[Round "1"]
[White "Stevep84"]
[Black "Comrade"]
[WhiteElo "1880"]
[BlackElo "1819"]
[Result "0-1"]
[Round "1"]
1.e4 c5
2.Ng1f3 d6
3.d4 cxd4
4.Nf3xd4 Ng8f6
5.Nb1c3 Nb8c6
6.Bc1g5 e6
7.Qd1d2 Bf8e7
8.O-O-O d5
9.exd5 Nf6xd5
10.Bg5xe7 Nc6xe7
11.Bf1e2 Bc8d7
12.Rh1e1 O-O
13.a3 a6
14.Be2d3 Qd8c7
15.Nc3xd5 Ne7xd5
16.Kb1 b5
17.Qd2g5 h6
18.Qg5g3 Qc7xg3
19.hxg3 Ra8c8
20.Re1e4 Bd7c6
21.Nd4xc6 Rc8xc6
22.Re4h4 Rf8d8
23.Rd1h1 f5
24.Rh1e1 Nd5f6
25.f3 Rd8d5
26.Rh4h1 Rc6d6
27.Re1e3 Kf7
28.Rh1e1 { time. }
0-1

[Event "Tourn. n10144"]
[Site "www.echecsemail.com"]
[Date "2019.07.16"]
[Round "1"]
[White "Bojan"]
[Black "Ff333"]
[WhiteElo "2160"]
[BlackElo "2020"]
[Result "1-0"]
[Round "1"]
1.e4 e5
2.a3 Ng8f6
3.Nb1c3 a6
4.Bf1c4 c6
5.Qd1f3 Bf8c5
6.d3 h6
7.Ng1e2 O-O
8.Qf3g3 Kh8
9.Qg3h4 Kh7
10.b4 Bc5e7
11.Qh4g3 d6
12.Bc1e3 Nf6g4
13.h4 b5
14.Bc4b3 Ng4xe3
15.fxe3 Bc8e6
16.Bb3xe6 fxe6
17.Qg3g4 Rf8f6
18.O-O-O Rf6g6
19.Qg4h3 a5
20.Kd2 axb4
21.axb4 d5
22.Rd1b1 d4
23.exd4 exd4
24.Nc3d1 Ra8a4
25.Ne2f4 Be7xb4
26.Ke2 Rg6f6
27.Rh1f1 e5
28.Nf4h5 Rf6g6
29.Rf1f7 Bb4e7
30.Qh3f5 Be7f6
31.Nh5xf6 Qd8xf6
32.Rf7xf6 gxf6
33.h5 { resign }
1-0